01246 a2200169 45000010006000000050017000060080041000230030015000640400040000790800105001192450109002242640033003333000026003665050658003920410008010501000018010586133220260407155903.0260407a1981 arg spa dAR-UNSa-BCEJYS aAR-UNSa-BCEJYSbspacAR-UNSa-BCEJYS a343.35xDelitos contra la administración pública. Abuso de la función pública (Corrupción)10aDelitos contra la administración públicapComentario de los artículos 237 a 281 del Código Penal 1aBuenos Aires :bAstreac1981 axxxix, 607 p.c23 cm. a1. Atentado y resistencia contra la autoridad - 2. Desacato – 3. Usurpación de autoridad, títulos u honores – 4. Abuso de autoridad y violación de los deberes de funcionarios públicos – 5. Violación de sellos y documentos – 6. Cohecho – 7. Malversación de caudales públicos – 8. Negociaciones incompatibles con el ejercicio de funciones públicas – 9. Exacciones ilegales – 9 BIS. Enriquecimiento ilícito de funcionarios públicos – 10. Prevaricato – 11. Denegación y retardo de justicia – 12. Denuncias y testimonios falsos – 13. Encubrimiento – 14. Evasión, quebrantamiento de pena y derecho de opción aspa1 aCreus, Carlos